[Event "Online Olym Div3 A"]
[Site "Chess.com INT"]
[Date "2020.08.09"]
[Round "7.2"]
[White "Yazji, Mada"]
[Black "Nithyalakshmi, Sivanesan"]
[Result "0-1"]
[WhiteElo "1704"]
[BlackElo "1945"]
[PlyCount "128"]
[EventDate "2020.08.07"]
[EventType "team-tourn (rapid)"]
[EventRounds "9"]
[EventCountry "USA"]
[SourceTitle "CBM 198"]
[Source "ChessBase"]
[SourceDate "2020.10.31"]
[SourceVersion "1"]
[SourceVersionDate "2020.10.31"]
[SourceQuality "1"]
[WhiteTeam "Syria"]
[BlackTeam "Malaysia"]
[WhiteTeamCountry "SYR"]
[BlackTeamCountry "MAS"]

1. e4 b6 2. d4 Bb7 3. Nc3 e6 4. Nf3 Bb4 5. Bd3 Nf6 6. Qe2 d5 7. e5 Ne4 8. Bd2 Bxc3 9. bxc3 c5 10. 0-0 Nxd2 11. Qxd2 h6 12. Rab1 Qc7 13. Rfe1 Nd7 14. Qe3 c4 15. Bf1 0-0-0 16. a4 Bc6 17. Ra1 g5 18. Qc1 Nf8 19. Qa3 Ng6 20. g3 Ne7 21. a5 b5 22. a6 Rhg8 23. Bg2 Nf5 24. Qa5 h5 25. Qxc7+ Kxc7 26. Nd2 Rb8 27. Reb1 Rb6 28. Nf1 Rgb8 29. Ne3 Ne7 30. Rb4 Bd7 31. Rbb1 Bc8 32. Bf1 Rxa6 33. Be2 h4 34. Bh5 Ng6 35. Ng4 Rxa1 36. Rxa1 Kb6 37. Nh6 Rb7 38. Nxf7 Rxf7 39. Bxg6 Rg7 40. Bh5 a5 41. Kg2 hxg3 42. hxg3 Bd7 43. Bg4 Rh7 44. Ra2 Rh8 45. Ra1 a4 46. Ra3 Ka5 47. Ra1 Rb8 48. Kf3 b4 49. cxb4+ Rxb4 50. Ke2 Rb2 51. Kd2 Kb4 52. Bd1 c3+ 53. Kd3 a3 54. f4 gxf4 55. g4 Be8 56. g5 Bg6+ 57. Ke2 a2 58. Kf3 Ka3 59. Kxf4 Rb1 60. Rxa2+ Kxa2 61. Bg4 Rf1+ 62. Ke3 Bf5 63. Be2 Rg1 64. Kf4 Kb2 0-1

[Event "Online Olym Div3 A"]
[Site "Chess.com INT"]
[Date "2020.08.08"]
[Round "5.1"]
[White "Dubois, Martine"]
[Black "Yazji, Mada"]
[Result "1-0"]
[WhiteElo "1802"]
[BlackElo "1704"]
[PlyCount "119"]
[EventDate "2020.08.07"]
[EventType "team-tourn (rapid)"]
[EventRounds "9"]
[EventCountry "USA"]
[SourceTitle "CBM 198"]
[Source "ChessBase"]
[SourceDate "2020.10.31"]
[SourceVersion "1"]
[SourceVersionDate "2020.10.31"]
[SourceQuality "1"]
[WhiteTeam "Monaco"]
[BlackTeam "Syria"]
[WhiteTeamCountry "MNC"]
[BlackTeamCountry "SYR"]

1. e4 c5 2. Nf3 Nc6 3. c3 d5 4. exd5 Qxd5 5. d4 e6 6. Be2 Nf6 7. 0-0 Be7 8. Be3 cxd4 9. cxd4 0-0 10. Nc3 Qa5 11. Bd3 Nb4 12. Bb1 Nbd5 13. Bd2 Qd8 14. Qc2 g6 15. Bh6 Re8 16. Rd1 Nb4 17. Qb3 Nfd5 18. Ne4 Bd7 19. a3 Nc6 20. Nc5 Nxd4 21. Rxd4 Bxc5 22. Rh4 Qb6 23. Qxb6 Bxb6 24. Be4 Bd8 25. Bg5 Bxg5 26. Nxg5 h5 27. g4 Nf6 28. gxh5 Nxh5 29. Bxb7 Rab8 30. Rb4 a5 31. Rb3 Ba4 32. Rb6 Re7 33. b3 Be8 34. Rc1 Rexb7 35. Rxb7 Rxb7 36. Rc8 Kf8 37. Ne4 Ke7 38. Rxe8+ Kxe8 39. Nd6+ Kd7 40. Nxb7 Nf4 41. Nxa5 Nd3 42. Kf1 Kc7 43. Ke2 Nc5 44. Ke3 Kb6 45. b4 Nd7 46. Nc4+ Kc6 47. Kd4 f6 48. a4 e5+ 49. Ke3 Kd5 50. Nb2 Nb8 51. f3 Nc6 52. b5 Nb8 53. Kd3 Kc5 54. Kc3 Nd7 55. Nd3+ Kb6 56. Kb4 f5 57. a5+ Kb7 58. Nc5+ Nxc5 59. Kxc5 Kc7 60. Kd5 1-0

[Event "Online Olym Div3 A"]
[Site "Chess.com INT"]
[Date "2020.08.08"]
[Round "4.5"]
[White "Yazji, Mada"]
[Black "Putar, Lara"]
[Result "1/2-1/2"]
[WhiteElo "1704"]
[BlackElo "1834"]
[PlyCount "134"]
[EventDate "2020.08.07"]
[EventType "team-tourn (rapid)"]
[EventRounds "9"]
[EventCountry "USA"]
[SourceTitle "CBM 198"]
[Source "ChessBase"]
[SourceDate "2020.10.31"]
[SourceVersion "1"]
[SourceVersionDate "2020.10.31"]
[SourceQuality "1"]
[WhiteTeam "Syria"]
[BlackTeam "Ireland"]
[WhiteTeamCountry "SYR"]
[BlackTeamCountry "IRL"]

1. e4 e6 2. d4 d5 3. Nc3 Bb4 4. a3 Bxc3+ 5. bxc3 dxe4 6. Qg4 Nf6 7. Qxg7 Rg8 8. Qh6 Rg6 9. Qe3 Nd5 10. Qxe4 Nxc3 11. Qd3 Nd5 12. Nf3 Nc6 13. h4 e5 14. dxe5 Re6 15. Bb2 Nf4 16. Qxd8+ Nxd8 17. 0-0-0 Bd7 18. Bc4 Rc6 19. Bb5 Rxc2+ 20. Kxc2 Bxb5 21. Rd4 Nde6 22. Rd2 c5 23. Ng5 Bc6 24. f3 Ke7 25. Nxh7 Nxg2 26. Rxg2 Bxf3 27. Rgh2 Be4+ 28. Kc1 Bxh7 29. Rf1 Bd3 30. Rf3 Be4 31. Rf1 Rd8 32. Rhf2 Bg6 33. Rh1 Rh8 34. Bc3 Rh5 35. Kd2 c4 36. Bb4+ Kd7 37. Bc3 Nc5 38. Ke3 Nd3 39. Rd2 Ke6 40. Rhh2 Nxe5 41. Bxe5 Rxe5+ 42. Kd4 Re4+ 43. Kc3 b5 44. h5 Bh7 45. Rhe2 f5 46. Rxe4+ fxe4 47. Re2 Kf5 48. Kb4 Kg5 49. Kxb5 c3 50. Kb4 c2 51. Rxc2 e3 52. Re2 Kf4 53. Ka5 Kf3 54. Re1 Kf2 55. Ra1 e2 56. Ka6 Bc2 57. Rh1 e1Q 58. Rxe1 Kxe1 59. Kxa7 Kf2 60. Kb6 Kf3 61. h6 Kf4 62. Kc5 Kg5 63. h7 Bxh7 64. a4 Bd3 65. a5 Kf5 66. Kb6 Ke5 67. a6 Bxa6 1/2-1/2

[Event "Online Olym Div4 B"]
[Site "Chess.com INT"]
[Date "2020.08.02"]
[Round "9.5"]
[White "Hadeel, Mohammad Kalandar"]
[Black "Yazji, Mada"]
[Result "0-1"]
[WhiteElo "1114"]
[BlackElo "1704"]
[PlyCount "106"]
[EventDate "2020.07.31"]
[EventType "team-tourn (rapid)"]
[EventRounds "9"]
[EventCountry "USA"]
[SourceTitle "CBM 198"]
[Source "ChessBase"]
[SourceDate "2020.10.31"]
[SourceVersion "1"]
[SourceVersionDate "2020.10.31"]
[SourceQuality "1"]
[WhiteTeam "Kuwait"]
[BlackTeam "Syria"]
[WhiteTeamCountry "KUW"]
[BlackTeamCountry "SYR"]

1. e4 c5 2. Nc3 Nc6 3. Nf3 d6 4. g3 Nf6 5. d3 Bg4 6. h3 Bd7 7. Bg2 e6 8. Be3 Be7 9. 0-0 a6 10. a3 0-0 11. Ne2 Qc7 12. c3 d5 13. d4 Nxe4 14. Nd2 Nxd2 15. Qxd2 cxd4 16. cxd4 Na5 17. b4 Nb3 18. Rac1 Nxc1 19. Rxc1 Qb6 20. Nf4 Rac8 21. Rd1 Rc6 22. Nh5 Rfc8 23. g4 Rc2 24. Qd3 Bb5 25. Qb3 R8c3 26. Qb1 Ba4 27. Bd2 Rd3 28. Ng3 Rdxd2 29. Rxd2 Rxd2 30. Bf1 Qxd4 31. Qe1 Rd1 32. Ne2 Rxe1 33. Nxd4 Bf6 34. Nf3 Ra1 35. Kg2 Rxa3 36. g5 Be7 37. h4 Bxb4 38. Ne5 Bd6 39. Nd3 Bc6 40. f3 Bb5 41. Ne1 Bxf1+ 42. Kxf1 Bg3 43. Nc2 Ra2 44. Kg2 Rxc2+ 45. Kxg3 b5 46. h5 b4 47. Kg4 b3 48. g6 hxg6 49. hxg6 fxg6 50. Kg5 b2 51. f4 b1Q 52. Kxg6 Qg1+ 53. Kh5 Rh2# 0-1

[Event "Olympiad Women-43"]
[Site "Batumi"]
[Date "2018.10.04"]
[Round "10.1"]
[White "Yazji, Mada"]
[Black "Kovacova, Zuzana"]
[Result "1/2-1/2"]
[WhiteElo "1726"]
[BlackElo "2079"]
[PlyCount "80"]
[EventDate "2018.09.24"]
[EventType "team-swiss"]
[EventRounds "11"]
[EventCountry "GEO"]
[SourceTitle "EXT 2020"]
[Source "ChessBase"]
[SourceDate "2019.10.17"]
[SourceVersion "1"]
[SourceVersionDate "2019.10.17"]
[SourceQuality "1"]
[WhiteTeam "Syria (W)"]
[BlackTeam "Bermuda (W)"]
[WhiteTeamCountry "SYR"]
[BlackTeamCountry "BER"]

1. e4 e5 2. Nf3 Nc6 3. Nc3 d6 4. Bb5 Bd7 5. d4 exd4 6. Nxd4 Nf6 7. Bxc6 bxc6 8. Qf3 c5 9. Nf5 Bxf5 10. Qxf5 Qc8 11. Qf3 Qg4 12. Qxg4 Nxg4 13. Nd5 0-0-0 14. 0-0 c6 15. Nc3 d5 16. exd5 cxd5 17. Bf4 Kb7 18. h3 Nf6 19. Rfe1 d4 20. Ne4 Nd5 21. Bd2 h6 22. a3 f5 23. Ng3 f4 24. Nf5 g6 25. Nh4 Rg8 26. Re6 Rd6 27. Re8 Nc7 28. Re5 Rf6 29. b4 Bd6 30. Re4 Re8 31. Rxe8 Nxe8 32. Re1 Nc7 33. Nf3 Re6 34. Rb1 Kc6 35. bxc5 Kxc5 36. Bb4+ Kc4 37. Nd2+ Kd5 38. Nf3 Kc4 39. Nd2+ Kd5 40. Nf3 Kc4 1/2-1/2

[Event "Olympiad Women-43"]
[Site "Batumi"]
[Date "2018.09.27"]
[Round "4.19"]
[White "Yazji, Mada"]
[Black "Ouellet, Maili Jade"]
[Result "0-1"]
[WhiteElo "1726"]
[BlackElo "2144"]
[PlyCount "84"]
[EventDate "2018.09.24"]
[EventType "team-swiss"]
[EventRounds "11"]
[EventCountry "GEO"]
[SourceTitle "EXT 2020"]
[Source "ChessBase"]
[SourceDate "2019.10.17"]
[SourceVersion "1"]
[SourceVersionDate "2019.10.17"]
[SourceQuality "1"]
[WhiteTeam "Syria (W)"]
[BlackTeam "Canada (W)"]
[WhiteTeamCountry "SYR"]
[BlackTeamCountry "CAN"]

1. e4 c5 2. Nf3 e6 3. d4 cxd4 4. Nxd4 a6 5. Nc3 Qc7 6. Be2 Nf6 7. 0-0 d6 8. Be3 Be7 9. Kh1 b5 10. a3 Bb7 11. Bd3 Nbd7 12. f4 0-0 13. Qe2 Rac8 14. Rae1 Rfe8 15. Bd2 Nf8 16. f5 Rcd8 17. fxe6 Nxe6 18. Nxe6 fxe6 19. Qe3 Bc8 20. e5 dxe5 21. Qh3 Rf8 22. Rxf6 Bxf6 23. Qxh7+ Kf7 24. Qg6+ Ke7 25. Ne4 a5 26. b4 a4 27. Be3 Rd4 28. c3 Rd5 29. Bc5+ Rxc5 30. Nxc5 Bd7 31. Nxd7 Qxd7 32. Qe4 Rd8 33. Rd1 Qd5 34. Qxd5 Rxd5 35. Be2 e4 36. Rc1 e3 37. Kg1 Kd6 38. Kf1 Be5 39. g3 Rd2 40. c4 Bb2 41. Rd1 bxc4 42. Ke1 c3 0-1

[Event "Olympiad Women-43"]
[Site "Batumi"]
[Date "2018.09.26"]
[Round "3.47"]
[White "Yazji, Mada"]
[Black "Assa, Oluwaseun"]
[Result "1/2-1/2"]
[WhiteElo "1726"]
[BlackElo "1881"]
[PlyCount "125"]
[EventDate "2018.09.24"]
[EventType "team-swiss"]
[EventRounds "11"]
[EventCountry "GEO"]
[SourceTitle "EXT 2020"]
[Source "ChessBase"]
[SourceDate "2019.10.17"]
[SourceVersion "1"]
[SourceVersionDate "2019.10.17"]
[SourceQuality "1"]
[WhiteTeam "Syria (W)"]
[BlackTeam "Nigeria (W)"]
[WhiteTeamCountry "SYR"]
[BlackTeamCountry "NGR"]

1. e4 e5 2. Nf3 d6 3. Bc4 Be7 4. 0-0 Nc6 5. d3 Bg4 6. c3 Nf6 7. h3 Bh5 8. Nbd2 0-0 9. Re1 Na5 10. Bb3 Nxb3 11. Qxb3 Rb8 12. d4 Nd7 13. g4 Bg6 14. Nf1 Kh8 15. Ng3 f6 16. Nf5 Bf7 17. Qc2 c5 18. d5 g6 19. Nxe7 Qxe7 20. c4 f5 21. Bh6 Rfe8 22. exf5 gxf5 23. Qxf5 Bg6 24. Qg5 b5 25. cxb5 Rxb5 26. b3 Qxg5 27. Nxg5 Nf6 28. Nf3 Bf7 29. Nh4 Nxd5 30. Nf5 Rb6 31. Rad1 Kg8 32. Bg5 Be6 33. Rxd5 Bxd5 34. Ne7+ Rxe7 35. Bxe7 Bf3 36. Rc1 Kf7 37. Bg5 Ke6 38. Kh2 Rc6 39. Be3 Kd5 40. Kg3 e4 41. Rc2 a6 42. Kf4 Ke6 43. Kg3 Rc8 44. Rd2 d5 45. Rc2 c4 46. bxc4 Rxc4 47. Rd2 a5 48. Kf4 a4 49. Rd4 Be2 50. h4 Rxd4 51. Bxd4 Bb5 52. h5 Kf7 53. a3 Be2 54. Kf5 Bb5 55. g5 Be2 56. g6+ hxg6+ 57. hxg6+ Kg8 58. Ke6 Bc4 59. Kd6 Bb3 60. Kc5 Kf8 61. Kd6 Kg8 62. Ke6 Ba2 63. Kd6 1/2-1/2